Las relaciones industriales y el orden social /
Guardado en:
| Autor Principal: | |
|---|---|
| Formato: | Libro |
| Idioma: | Spanish |
| Publicado: |
México :
Fondo de Cultura Económica,
1954.
|
| Etiquetas: |
Agregar Etiqueta
Sin Etiquetas, Sea el primero en etiquetar este registro!
|
| LEADER | 00448nam a22001455a 4500 | ||
|---|---|---|---|
| 001 | EUN.um034892 | ||
| 003 | AR-BaUNS | ||
| 005 | 20050623122908.0 | ||
| 008 | 041125s1954####mx############000#0#spa#d | ||
| 245 | 1 | 4 | |a Las relaciones industriales y el orden social / |c Wilbert E. Moore. |
| 260 | |a México : |b Fondo de Cultura Económica, |c 1954. | ||
| 300 | |a 578 p. | ||
| 100 | 1 | |a Moore, Wilbert E. | |
| 082 | 0 | 4 | |a 658 |
| 859 | |a Ar-BaUNS |b BIB. CENTRAL - Sector A |h 658 |i M787 |p 3501/959 | ||
